000 00525nmm a2200157Ia 4500
008 251105s9999||||xx |||||||||||||||||und||
041 _aspa
100 _aVV. AA.
245 0 _aEducación en fisioterapia: diálogos académicos en la Universidad del Rosario, 1996-2016
264 _a[Bogotá, Colombia] :
_bUniversidad del Rosario,
_c2017
300 _a206 páginas
490 _aTextos de medicina y de ciencias humanas
650 _aMedicine
856 _uhttps://public.digitaliapublishing.com/a/48423
942 _cCF
999 _c100854
_d100854